000 00447nam a22001817a 4500
005 20230118105418.0
008 200520b xxu||||| |||| 00| 0 eng d
020 _a978974736197
041 _aeng
082 _a615 ATM
100 _aAjmani, P.S
_95627
245 _aHandbook of Cunical Laboratory Techniques
250 _a1'st
260 _aDelhi
_bAITBS PUBLISHERS
_c2019
300 _a276
650 _aPharmacy
_xD.PHARMA
_97090
942 _cBK
999 _c6339
_d6337